[Event "2008 WA Championship"]
[Site "Legacy House"]
[Date "2008.07.20"]
[Round "3"]
[White "Dunlop, Gordon"]
[Black "Holland, Dennis"]
[Result "1-0"]
[WhiteElo "1889"]
[BlackElo "1792"]

1.e4 e6 2.d4 d5 3.Nc3 dxe4 4.Nxe4 Nd7 5.Bd3 Ngf6 6.Bg5 Be7 7.Nxf6+ Bxf6 8.Bxf6 
Qxf6 9.Nf3 O-O 10.O-O c5 11.c3 cxd4 12.Nxd4 Rd8 13.f4 Nb6 14.Qc2 Nd5 15.Rae1 
Nxf4 16.Bxh7+ Kh8 17.Be4 e5 18.Ne2 Qg5 19.Nxf4 exf4 20.Qf2 f5 21.Bc2 Qf6 
22.Qxf4 g5 23.Qe5 Kg7 24.Bxf5 Qxe5 25.Rxe5 Kf6 26.Rc5 Bxf5 27.Rfxf5+ 1-0

[Event "2008 WA Championship"]
[Site "Legacy House"]
[Date "2008.07.20"]
[Round "3"]
[White "Dempster, Dave"]
[Black "Barber, Haydn"]
[Result "0-1"]
[WhiteElo "1919"]
[BlackElo "2086"]

1.e4 c5 2.Nf3 Nc6 3.Bb5 g6 4.c3 Nf6 5.e5 Nd5 6.O-O Bg7 7.d4 cxd4 8.cxd4 O-O 
9.Nc3 Nc7 10.Ba4 d6 11.Bxc6 bxc6 12.Bf4 Bg4 13.Re1 Ne6 14.exd6 exd6 15.Be3 
d5 16.Qa4 Bxf3 17.gxf3 Ng5 18.Bxg5 Qxg5+ 19.Kh1 Qf4 20.Re3 Qf6 21.Rae1 Bh6 
22.Rd3 Rae8 23.Qd1 Qf5 24.Rxe8 Rxe8 25.Ne2 Re6 26.Ng3 Qf6 27.Kg2 Qe7 28.Qb3 
Bf4 29.Qa3 Bd6 30.Qa6 h5 31.Qxc6 h4 32.Qxd5 hxg3 33.hxg3 Re2 34.Rb3 Bc7 
35.Qc5 Bb6 36.Qxe7 Rxe7 37.Re3 Rd7 38.Rd3 Rxd4 39.Rxd4 Bxd4 40.b3 Kf8 41.f4 
Ke7 42.Kf3 Kd6 43.Ke2 Kd5 44.f3 a5 45.Kd3 f5 46.a3 Bb2 47.a4 Ba3 48.Kc3 Bc5 
49.Kd3 Bf2 50.g4 Bc5 51.Kc3 Bd6 52.gxf5 gxf5 0-1

[Event "2008 WA Championship"]
[Site "Legacy House"]
[Date "2008.07.20"]
[Round "3"]
[White "Sam, Ryan"]
[Black "Seah, Eddy"]
[Result "0-1"]
[WhiteElo "1595"]
[BlackElo "1896"]

1.e4 e5 2.Nf3 Nc6 3.Bc4 Bc5 4.Nc3 Nf6 5.d3 d6 6.Be3 Bb4 7.Qe2 Bg4 8.a3 Ba5 
9.O-O O-O 10.Nd5 Nxd5 11.Bxd5 Kh8 12.b4 Bb6 13.Bxc6 bxc6 14.h3 Bh5 15.Bxb6 cxb6 
16.Qe3 h6 17.Nd2 g5 18.g4 Bg6 19.Kg2 f6 20.h4 Kg7 21.h5 Bf7 22.Rfd1 Qd7 23.Nf1 
Qxg4+ 24.Ng3 Be6 25.Rh1 f5 26.f3 Qxg3+ 27.Kxg3 f4+ 28.Qxf4 Rxf4 29.Raf1 Raf8 
30.Kg2 g4 31.fxg4 Rxf1 32.Rxf1 Rxf1 33.Kxf1 Bxg4 34.c3 Bxh5 35.Kf2 Kf6 36.Kg3 
Kg5 37.a4 c5 38.bxc5 dxc5 39.Kf2 Kf4 40.c4 Be8 41.Ke2 h5 42.Kf2 Bxa4 43.Ke2 h4 
44.Kf2 Bc2 45.Ke2 h3 46.Kf2 Bxd3 47.Kg1 Kg3 48.Kh1 Bxe4+ 49.Kg1 h2+ 50.Kf1 h1=Q+ 
51.Ke2 Qf3+ 52.Ke1 Qc3+ 53.Kf1 Bd3+ 54.Kg1 Qe1# 0-1

[Event "2008 WA Championship"]
[Site "Legacy House"]
[Date "2008.07.20"]
[Round "3"]
[White "Viswanath, Ganesh"]
[Black "Cuellar, Chris"]
[Result "1/2-1/2"]
[WhiteElo "1812"]
[BlackElo "1556"]

1.Nf3 Nf6 2.c4 g6 3.d4 Bg7 4.g3 c6 5.Bg2 O-O 6.O-O d5 7.Nc3 Bf5 8.Ne5 Ne4 
9.cxd5 cxd5 10.Qb3 Nc6 11.Rd1 Nxc3 12.bxc3 Qc7 13.Bxd5 Nxe5 14.dxe5 Qxe5 
15.Bf4 Qxc3 16.Qxb7 e6 17.Rac1 Qb2 18.Qxa8 Rxa8 19.Bxa8 h6 20.Rc8+ Kh7 
21.Rc7 g5 22.Be3 Qxe2 23.Rdd7 Bh3 24.Be4+ Kg8 25.Rd8+ Bf8 26.Rc1 f5 27.Bd3 
Qf3 28.Bf1 Bxf1 29.Kxf1 f4 30.Bd2 Qh1+ 31.Ke2 Qe4+ 32.Kf1 Qh1+ 33.Ke2 Qe4+ 
34.Kf1 Qh1+ 1/2-1/2

[Event "2008 WA Championship"]
[Site "Legacy House"]
[Date "2008.07.20"]
[Round "3"]
[White "Johnstone, Ray"]
[Black "Boni, Christopher"]
[Result "1-0"]
[WhiteElo "1758"]
[BlackElo "1391"]

1.e4 c5 2.d3 Nc6 3.g3 g6 4.Bg2 Bg7 5.Nc3 e5 6.Nge2 Nge7 7.O-O O-O 8.f4 f5 
9.fxe5 Nxe5 10.Bg5 d6 11.Nd5 N5c6 12.Qd2 Qd7 13.Bh6 Nxd5 14.Bxg7 Qxg7 
15.exd5 Ne5 16.Rae1 Re8 17.b3 b6 18.Nf4 Bd7 19.Ne6 Bxe6 20.dxe6 Rac8 
21.c3 Nc6 22.Bd5 Kh8 23.Re2 a6 24.g4 Ne7 25.Bb7 Rc7 26.Bxa6 Nd5 27.Bb5 Ra8 
28.Rc1 f4 29.Bd7 Ne3 30.a4 Rf8 31.Rf2 Qf6 32.Re1 Qe7 33.Qe2 Ra7 34.Qf3 g5 
35.Rxe3 1-0

[Event "2008 WA Championship"]
[Site "Legacy House"]
[Date "2008.07.20"]
[Round "3"]
[White "Pavlovic, Mick"]
[Black "Jahangirian, Mohammad"]
[Result "0-1"]
[WhiteElo "1518"]
[BlackElo "1673"]

1.d4 e6 2.c4 f5 3.g3 Nf6 4.Bg2 Be7 5.b3 c6 6.Nf3 O-O 7.O-O d5 8.Ba3 Nbd7 
9.Bxe7 Qxe7 10.Nbd2 Ne4 11.Qc2 Qf7 12.e3 Qh5 13.Rae1 Rf6 14.Ne5 Nxe5 
15.dxe5 Rh6 16.h3 Ng5 17.h4 Ne4 18.Bxe4 fxe4 19.f4 Bd7 20.Qd1 Qg6 21.Kh2 
Rf8 22.Rg1 Be8 23.Rg2 Qf7 24.Kg1 Qe7 25.Kf2 Bh5 26.Qc2 Bg4 27.Rh1 Qf7 
28.Rhh2 Qh5 29.Ke1 Qf5 30.Rf2 Rg6 31.Rh1 h5 32.Rhh2 Bh3 33.Nf1 Bxf1 
34.Kxf1 Rxg3 35.Qe2 Rh3 36.Rfg2 Rxh2 37.Rxh2 g6 38.Rg2 Kh7 39.Rg5 Qh3+ 
40.Kg1 Qxh4 41.cxd5 exd5 42.e6 Qh3 43.e7 Re8 44.Re5 Kg7 45.Qf2 Kf6 46.f5 
Qg4+ 47.Kh1 Kxe5 48.f6 Qh3+ 49.Kg1 Qg4+ 50.Kh1 Ke6 51.f7 Kxe7 52.fxe8=Q+ 
Kxe8 53.Qf6 Qf3+ 0-1

[Event "2008 WA Championship"]
[Site "Legacy House"]
[Date "2008.07.20"]
[Round "3"]
[White "Yeung, Evan"]
[Black "Saroha, Chirag"]
[Result "1/2-1/2"]
[WhiteElo "1222"]
[BlackElo "1164"]

1.e4 e5 2.Nf3 Nc6 3.Bc4 Bc5 4.c3 d6 5.d4 exd4 6.cxd4 Bb6 7.h3 h6 8.Nc3 Nf6 
9.Bf4 Qe7 10.O-O O-O 11.Re1 Bd7 12.Nd5 Qd8 13.Nxb6 axb6 14.d5 Nb4 15.a3 Na6 
16.b4 Re8 17.Nd2 Nb8 18.f3 Ba4 19.Bb3 Bxb3 20.Nxb3 Nbd7 21.Qc2 Ne5 22.Rec1 
Rc8 23.a4 Nfd7 24.a5 c6 25.Qd2 c5 26.b5 bxa5 27.Rxa5 Qb6 28.Kh1 Ra8 29.Rxa8 
Rxa8 30.Bxe5 Nxe5 31.f4 Nd7 32.Qe2 f6 33.Ra1 Rxa1+ 34.Nxa1 Qa5 35.Nb3 Qa4 
36.Nd2 Qc2 37.Qe3 b6 38.Nf3 Qb1+ 39.Kh2 Qxb5 40.e5 fxe5 41.fxe5 Nxe5 42.Nxe5 
dxe5 43.Qxe5 Qd7 44.Qb8+ Kh7 45.d6 Qe6 46.Qxb6 Qe5+ 47.Kg1 Qe1+ 48.Kh2 1/2-1/2

[Event "2008 WA Championship"]
[Site "Legacy House"]
[Date "2008.07.20"]
[Round "3"]
[White "Williams, Veronica"]
[Black "Williams, William"]
[Result "1/2-1/2"]
[WhiteElo "1059"]
[BlackElo "1020"]

1.e4 c5 2.Nf3 d6 3.Nc3 Nc6 4.Bb5 Bd7 5.d3 a6 6.Bxc6 Bxc6 7.a3 g6 8.O-O Bg7 
9.Rb1 Nf6 10.Bg5 O-O 11.Qd2 Rc8 12.Rfe1 Qc7 13.Re2 Rfe8 14.Rbe1 Nd7 15.Bh6 
Qb6 16.Rb1 Ne5 17.Nxe5 Bxe5 18.Bf4 Bg7 19.Bh6 Bd7 20.Bxg7 Kxg7 21.Re3 Be6 
22.Ne2 c4 23.Nf4 c3 24.Qc1 Ba2 25.Nd5 Bxd5 26.exd5 Qc5 27.bxc3 Qxc3 28.Rxb7 
1/2-1/2

[Event "2008 WA Championship"]
[Site "Legacy House"]
[Date "2008.07.20"]
[Round "3"]
[White "Carolin-Unkovich, George"]
[Black "Vahala, Karel"]
[Result "0-1"]
[WhiteElo "929"]
[BlackElo "1149"]

1.d4 Nf6 2.c4 d6 3.Nc3 g6 4.e4 Bg7 5.f3 O-O 6.Be3 b6 7.Bd3 c5 8.Nge2 Nc6 
9.Qd2 cxd4 10.Nxd4 Nxd4 11.Bxd4 Bb7 12.g4 Re8 13.h4 Qd7 14.Be3 Nxg4 15.fxg4 
Qxg4 16.Nd5 Rac8 17.Bg5 Bxd5 18.exd5 Bd4 19.Be2 Qe4 20.O-O-O Bh8 21.Bd3 Qe5 
22.Rde1 Qd4 23.Rxe7 Rxe7 24.Bxe7 Be5 25.h5 Bf4 0-1

[Event "2008 WA Championship"]
[Site "Legacy House"]
[Date "2008.07.27"]
[Round "4"]
[White "Hare, Tim"]
[Black "Vlietstra, Marc"]
[Result "1-0"]
[WhiteElo "1968"]
[BlackElo "1922"]

1.Nf3 Nf6 2.g3 b6 3.d3 Bb7 4.Bg2 e6 5.e4 d5 6.e5 Nfd7 7.O-O c5 8.Re1 Nc6 
9.Nbd2 Qc7 10.Qe2 Nd4 11.Nxd4 cxd4 12.Nf3 Bc5 13.Bd2 b5 14.Rac1 a5 15.c3 dxc3 
16.bxc3 Ba6 17.Ng5 h6 18.Qh5 g6 19.Qh3 Qb6 20.d4 Be7 21.Bxd5 Bxg5 22.Bxg5 exd5 
23.e6 Nf8 24.exf7+ Kxf7 25.Re7+ Kg8 26.Bxh6 Qf6 27.Rce1 Bc8 28.Qg2 Rxh6 
29.Qxd5+ Be6 30.R1xe6 Nxe6 31.Rxe6 Qf8 32.Re8+ Kg7 33.Qxa8 Qa3 34.Rg8+ Kf7 
35.Qe8+ Kf6 36.Rf8+ Kg5 37.Qe5+ Kg4 38.Rf4+ 1-0

[Event "2008 WA Championship"]
[Site "Legacy House"]
[Date "2008.07.27"]
[Round "4"]
[White "Boyd, Tristan"]
[Black "Dunlop, Gordon"]
[Result "1-0"]
[WhiteElo "2276"]
[BlackElo "1889"]

1.e4 c5 2.Nf3 d6 3.d4 cxd4 4.Nxd4 Nf6 5.Nc3 g6 6.Be3 Bg7 7.f3 O-O 8.Bc4 Nc6 
9.Qd2 Bd7 10.O-O-O Ne5 11.Bb3 Qa5 12.h4 Rfc8 13.Kb1 Nc4 14.Bxc4 Rxc4 15.Nb3 Qc7 
16.h5 Rc8 17.hxg6 fxg6 18.e5 Nh5 19.Nd5 Qd8 20.Bg5 Rxc2 21.Nxe7+ Qxe7 22.Bxe7 
Rxd2 23.Rxd2 Ng3 24.Re1 Bf5+ 25.Ka1 dxe5 26.Bh4 1-0

[Event "2008 WA Championship"]
[Site "Legacy House"]
[Date "2008.07.27"]
[Round "4"]
[White "Barber, Haydn"]
[Black "Choong, Yita"]
[Result "1/2-1/2"]
[WhiteElo "2086"]
[BlackElo "1969"]

1.e4 c5 2.Nf3 Nc6 3.d4 cxd4 4.Nxd4 g6 5.c4 Bg7 6.Be3 Nf6 7.Nc3 Ng4 8.Qxg4 Nxd4 
9.Qd1 Ne6 10.Rc1 Qa5 11.Be2 b6 12.Qd5 Qxd5 13.cxd5 Nd4 14.Bc4 a6 15.a4 Rb8 16.O-O 
b5 17.axb5 Nxb5 18.Bxb5 axb5 19.d6 exd6 20.Rfd1 Bxc3 21.Rxc3 O-O 22.Rxd6 Bb7 
23.f3 Bc6 24.Bg5 Rfe8 25.Rd2 Ra8 26.Bf6 Ra4 27.Kf2 Rb8 28.g4 Rc4 29.Re3 Ra8 
30.Kg3 Rc5 31.h4 Ra6 32.Rh2 Ra8 33.Rd3 d5 34.Rhd2 d4 35.Rxd4 Be8 36.Rh2 Rc6 
37.e5 h6 38.Rd1 Rac8 39.Rhd2 Rc1 40.Rxc1 Rxc1 41.Be7 Rc8 42.f4 Bc6 43.f5 Be4 
44.Kf4 Bb1 45.b3 h5 46.gxh5 Bxf5 47.hxg6 Bxg6 48.Kg5 Kh7 49.Kf6 Rc1 50.Bd6 Rc3 
51.b4 Rh3 52.Rd4 Rf3+ 53.Ke7 Ra3 54.Rf4 Ra7+ 55.Kf6 Bd3 56.Rg4 Bc4 57.Rg5 Ra2 
58.Bc5 Ra3 59.Rh5+ Kg8 60.Ke7 Kg7 61.e6 fxe6 62.Bd4+ Kg6 63.Rg5+ Kh6 64.Be5 Rf3 
65.Bf6 Rf5 66.Rg8 e5 67.Rh8+ 1/2-1/2

[Event "2008 WA Championship"]
[Site "Legacy House"]
[Date "2008.07.27"]
[Round "4"]
[White "Johnstone, Ray"]
[Black "Kurniawan, Stephanus"]
[Result "0-1"]
[WhiteElo "1758"]
[BlackElo "2145"]

1.e4 e6 2.d4 d5 3.e5 c5 4.Qg4 cxd4 5.Bd3 Nc6 6.Nf3 Qc7 7.Qg3 Bd7 8.O-O O-O-O 
9.Nbd2 f6 10.Re1 h5 11.h4 Nh6 12.Nb3 Ng4 13.Bf4 fxe5 14.Bxe5 Ncxe5 15.Nxe5 Bd6 
16.f4 Rhf8 17.Rac1 Rxf4 18.c3 Nxe5 19.Rxe5 Bxe5 20.cxd4 Qxc1+ 21.Nxc1 Rf1+ 0-1

[Event "2008 WA Championship"]
[Site "Legacy House"]
[Date "2008.07.27"]
[Round "4"]
[White "Seah, Eddy"]
[Black "Jahangirian, Mohammad"]
[Result "1-0"]
[WhiteElo "1896"]
[BlackElo "1673"]

1.e4 c5 2.Nf3 d6 3.d4 cxd4 4.Nxd4 Nf6 5.Nc3 a6 6.Bg5 e6 7.f4 Be7 8.Qf3 h6 
9.Bh4 Nc6 10.Nxc6 bxc6 11.e5 Nd5 12.Bxe7 Qxe7 13.Ne4 dxe5 14.fxe5 O-O 15.a3 
Qc7 16.Qg3 Qa5+ 17.c3 Qb6 18.Rb1 Qe3+ 19.Qxe3 Nxe3 20.Ke2 a5 21.Kf2 Nd5 
22.Kg3 f5 23.exf6 Nxf6 24.Nc5 Nd5 25.Bc4 Ra7 26.Rhe1 Rf6 27.Re4 Kf7 28.Rbe1 
Re7 29.R1e2 g5 30.Nd3 Bd7 31.Nc5 Bc8 32.h4 gxh4+ 33.Rxh4 Rg6+ 34.Kh2 Kg7 
35.Rhe4 Rf6 36.g3 Re8 37.Re5 Kf7 38.Ne4 Rg6 39.Nd6+ Ke7 40.Nxe8 Kxe8 41.Bxd5 
cxd5 42.Rxd5 Ba6 43.Re3 Rf6 44.Rxa5 Rf2+ 45.Kg1 Rf1+ 46.Kg2 Bc4 47.Rc5 1-0

[Event "2008 WA Championship"]
[Site "Legacy House"]
[Date "2008.07.27"]
[Round "4"]
[White "Cuellar, Chris"]
[Black "Ellis, David"]
[Result "1-0"]
[WhiteElo "1556"]
[BlackElo "1939"]

1.e4 Nc6 2.d4 d5 3.e5 Bf5 4.Nf3 e6 5.Bd3 Nge7 6.Bg5 Qd7 7.c3 h6 8.Bxe7 Bxe7 
9.O-O g5 10.Ne1 h5 11.Nc2 Bxd3 12.Qxd3 O-O-O 13.Nd2 f6 14.b4 Rdf8 15.Nf3 fxe5 
16.Nxe5 Nxe5 17.dxe5 Kb8 18.Nd4 c5 19.bxc5 Bxc5 20.Qg6 Bxd4 21.cxd4 g4 22.Qd3 
Qg7 23.a4 h4 24.f4 Rf5 25.a5 g3 26.Rab1 gxh2+ 27.Kxh2 Rg8 28.g3 Qxg3+ 29.Qxg3 
Rxg3 30.a6 b6 31.Rbc1 Rf7 32.Rc6 Rc7 33.Rfc1 Rgg7 34.Kh3 Rgf7 35.Kxh4 Rxf4+ 
36.Kg5 Rff7 37.Kg6 Kc8 38.Rxe6 Rg7+ 39.Kh6 Rh7+ 40.Kg6 Rg7+ 41.Kh6 Rh7+ 42.Kg6 
Rxc1 43.Kxh7 Rc7+ 44.Kg6 b5 45.Kf6 b4 46.Re8+ Kd7 47.Re7+ Kc6 48.Rxc7+ Kxc7 
49.e6 b3 50.e7 b2 51.e8=Q b1=Q 52.Qe7+ Kc8 53.Qc5+ Kb8 54.Qd6+ Kc8 55.Qf8+ Kd7 
56.Qf7+ Kc8 57.Qxd5 Qa1 58.Qa8+ Kd7 59.Qxa7+ Kd6 60.Qe7+ Kd5 61.Qe6+ 1-0

[Event "2008 WA Championship"]
[Site "Legacy House"]
[Date "2008.07.27"]
[Round "4"]
[White "Holland, Dennis"]
[Black "Viswanath, Ganesh"]
[Result "0-1"]
[WhiteElo "1792"]
[BlackElo "1812"]

1.d4 Nf6 2.Nf3 g6 3.Nbd2 Bg7 4.e4 d6 5.c3 O-O 6.Bd3 e5 7.O-O Nc6 8.dxe5 dxe5 
9.Qe2 Nh5 10.Nb3 Nf4 11.Bxf4 exf4 12.h3 g5 13.Rfd1 Re8 14.Bc4 Qf6 15.Nbd4 g4 
16.hxg4 Bxg4 17.Nxc6 bxc6 18.Rd3 Re5 19.Re1 Rh5 20.Qd2 Re8 21.Qc2 Qh6 22.Kf1 
Rh1+ 23.Ng1 Qh2 24.Bxf7+ Kxf7 0-1

[Event "2008 WA Championship"]
[Site "Legacy House"]
[Date "2008.07.27"]
[Round "4"]
[White "Pavlovic, Mick"]
[Black "Dempster, Dave"]
[Result "0-1"]
[WhiteElo "1518"]
[BlackElo "1919"]

1.d4 Nf6 2.c4 e5 3.dxe5 Ng4 4.Nf3 Bc5 5.e3 Nc6 6.Nbd2 O-O 7.a3 a5 8.b3 Ngxe5 
9.Nxe5 Nxe5 10.Bb2 Re8 11.Be2 Ra6 12.Nf3 Nxf3+ 13.Bxf3 Rh6 14.g3 d6 15.Bg2 Qe7 
16.Bd4 b6 17.O-O Bf5 18.Bc6 Bd7 19.Qf3 Rd8 20.Bxd7 Qxd7 21.Rfb1 Qh3 22.Qg2 Qg4 
23.Rd1 Qc8 24.Bxc5 dxc5 25.Rxd8+ Qxd8 26.Qf1 Rd6 27.Rb1 Kf8 28.Qe1 Rd2 29.Kg2 
Qd3 30.a4 Qc2 31.Kf1 Rxf2+ 32.Qxf2 Qxb1+ 33.Kg2 Qxb3 34.Qd2 Ke7 35.Qd5 Qxe3 
36.Kh3 Qe6+ 0-1

[Event "2008 WA Championship"]
[Site "Legacy House"]
[Date "2008.07.27"]
[Round "4"]
[White "Orssengo, Girma"]
[Black "Yeung, Evan"]
[Result "1-0"]
[WhiteElo "1600"]
[BlackElo "1222"]

1.d4 d5 2.Bg5 Nf6 3.Nd2 e6 4.e3 c5 5.c3 Be7 6.Bd3 Nc6 7.f4 Qb6 8.Rb1 Bd7 
9.Ngf3 h6 10.Bh4 Ng4 11.Qe2 Bxh4+ 12.Nxh4 Nf6 13.Ndf3 cxd4 14.exd4 O-O 
15.O-O Ne8 16.Ne5 Nxe5 17.fxe5 f6 18.Nf3 Nc7 19.exf6 Rxf6 20.Ne5 Rxf1+ 
21.Qxf1 Be8 22.Qf2 Qd6 23.Rf1 Qe7 24.Bb1 Qg5 25.Qf8# 1-0

[Event "2008 WA Championship"]
[Site "Legacy House"]
[Date "2008.07.27"]
[Round "4"]
[White "Boni, Christopher"]
[Black "Sam, Ryan"]
[Result "0-1"]
[WhiteElo "1391"]
[BlackElo "1595"]

1.d4 d5 2.c4 e6 3.Nc3 Nf6 4.Bg5 Be7 5.Nf3 Nc6 6.e3 O-O 7.Be2 Ne4 8.Nxe4 dxe4 
9.Bxe7 Qxe7 10.Nd2 f5 11.a3 Rd8 12.O-O Qg5 13.f4 Qf6 14.g4 Nxd4 15.g5 Nxe2+ 
16.Qxe2 Qxb2 17.Rad1 Rd3 18.Rf2 Bd7 19.Rb1 Qxa3 20.Rxb7 Rxe3 21.Qh5 Re1+ 22.Nf1 
e3 23.Rg2 Qc5 24.Re2 g6 25.Qf3 Bc6 26.Rxc7 Bxf3 27.Rxc5 Bxe2 28.h4 Rxf1+ 29.Kg2 
Bxc4 30.h5 e2 31.hxg6 e1=Q 32.gxh7+ Kxh7 33.Rc7+ Kg8 34.Rg7+ Kxg7 0-1

[Event "2008 WA Championship"]
[Site "Legacy House"]
[Date "2008.07.27"]
[Round "4"]
[White "Vahala, Karel"]
[Black "Booth, Guy"]
[Result "0-1"]
[WhiteElo "1149"]
[BlackElo "1554"]

1.d4 d5 2.Nf3 Nf6 3.e3 Bg4 4.h3 Bf5 5.c3 h6 6.Nh4 Bh7 7.Be2 e6 8.O-O Bd6 
9.Nd2 Nbd7 10.c4 c5 11.cxd5 Nxd5 12.Nc4 Bc7 13.f4 Qxh4 14.Bf3 Qd8 15.a3 Rb8 
16.Bxd5 exd5 17.Nd2 O-O 18.Qg4 Bd3 19.Rf2 cxd4 20.exd4 f5 21.Qf3 Be4 22.Qh5 
Nf6 23.Qg6 Bb6 24.Nb3 Rc8 25.Be3 Rc6 26.Qg3 Nh5 27.Qh2 Rc8 28.g4 Nf6 29.g5 
hxg5 30.fxg5 Nh5 0-1

[Event "2008 WA Championship"]
[Site "Legacy House"]
[Date "2008.08.03"]
[Round "5"]
[White "Boyd, Tristan"]
[Black "Hare, Tim"]
[Result "1-0"]
[WhiteElo "2276"]
[BlackElo "1968"]

1.e4 g5 2.d4 h6 3.Nc3 Bg7 4.Bc4 d6 5.Be3 Nf6 6.f3 c6 7.Bb3 b5 8.Nge2 a5 
9.a3 Na6 10.O-O Nc7 11.Ng3 Rg8 12.Qe1 Ba6 13.Rd1 d5 14.Nce2 Bc8 15.e5 Nh7 
16.f4 gxf4 17.Nxf4 Bg4 18.Rd2 Qd7 19.Rdf2 Ng5 20.Nd3 Nce6 21.h4 Nh3+ 
22.gxh3 Bxh3 23.Rxf7 Bxf1 24.Rxf1 a4 25.Ba2 O-O-O 26.Kh2 Rdf8 27.Nf5 Rxf5 
28.Rxf5 Nxd4 29.Bxd4 Qxf5 30.Qa5 Rf8 31.Qa8+ Kc7 32.Qa7+ Kc8 33.Qa6+ Kc7 
34.Qb6+ Kd7 35.Nc5+ Kc8 36.Qxc6+ 1-0

[Event "2008 WA Championship"]
[Site "Legacy House"]
[Date "2008.08.03"]
[Round "5"]
[White "Kurniawan, Stephanus"]
[Black "Tomic, Nedeljko"]
[Result "1-0"]
[WhiteElo "2145"]
[BlackElo "1850"]

1.e4 e5 2.Nf3 d6 3.Nc3 c6 4.Be2 Nf6 5.d4 Qc7 6.O-O Bg4 7.Nh4 Bxe2 8.Qxe2 Nbd7 
9.Be3 h6 10.Rad1 g6 11.Kh1 Be7 12.Nf3 Ng4 13.Bc1 O-O-O 14.h3 Ngf6 15.d5 Nh5 
16.dxc6 bxc6 17.b4 Ndf6 18.b5 c5 19.Qc4 Rdf8 20.a4 Nf4 21.Bxf4 exf4 22.a5 Qb7 
23.e5 d5 24.Qxf4 Nh5 25.Qg4+ Kb8 26.a6 Qc8 27.Qxc8+ Rxc8 28.Nxd5 Bd8 29.c4 Re8 
30.Rfe1 Re6 31.Re3 Ng7 32.Red3 Nh5 33.g4 Ng7 34.Nf4 Re8 35.Rd7 Ne6 36.Rxf7 Nxf4 
37.Rxf4 Be7 38.Rf7 Rc7 39.e6 Rd8 40.Rxd8+ Bxd8 41.Ne5 Bg5 42.Nc6+ 1-0

[Event "2008 WA Championship"]
[Site "Legacy House"]
[Date "2008.08.03"]
[Round "5"]
[White "Vlietstra, Marc"]
[Black "Barber, Haydn"]
[Result "0-1"]
[WhiteElo "1922"]
[BlackElo "2086"]

1.d4 Nf6 2.c4 c5 3.d5 e6 4.Nc3 exd5 5.cxd5 d6 6.e4 g6 7.Be2 Bg7 8.a4 a6 
9.Bf4 Qe7 10.Nf3 Nh5 11.Bd2 O-O 12.O-O Bg4 13.Re1 Nd7 14.h3 Bxf3 15.Bxf3 
Nhf6 16.g3 h6 17.Bg2 Ne5 18.Bf1 g5 19.Qe2 c4 20.Qd1 Nfd7 21.f4 gxf4 22.gxf4 
Ng6 23.Bxc4 Qf6 24.Qg4 Qd4+ 25.Be3 Qxc4 26.Qxd7 Bd4 27.Qg4 Kh7 28.f5 Rg8 
29.Kh1 Ne5 30.Qf4 Rg5 31.h4 Nd3 32.Qf1 Bxc3 33.Bxg5 Bxe1 34.Rxe1 hxg5 35.f6 
Rg8 36.Qe2 g4 37.Qf1 Rg6 38.Qf5 Nxe1 39.h5 Qe2 40.hxg6+ fxg6 0-1

[Event "2008 WA Championship"]
[Site "Legacy House"]
[Date "2008.08.03"]
[Round "5"]
[White "Choong, Yita"]
[Black "Seah, Eddy"]
[Result "0-1"]
[WhiteElo "1969"]
[BlackElo "1896"]

1.Nf3 Nf6 2.g3 g6 3.Bg2 Bg7 4.d3 d5 5.O-O c5 6.c4 O-O 7.Nc3 d4 8.Nb5 a6 
9.Na3 Nc6 10.e3 Bg4 11.h3 Bxf3 12.Bxf3 Ne5 13.Bxb7 Rb8 14.exd4 Nxd3 15.Qxd3 
Rxb7 16.Qf3 Rd7 17.d5 e6 18.dxe6 fxe6 19.Qe2 e5 20.Be3 Qc8 21.Kh2 Re8 22.Rad1 
e4 23.Rxd7 Nxd7 24.Qd2 Kh8 25.Bf4 Qc6 26.b3 Bd4 27.Nc2 Bf6 28.Rd1 Nf8 29.Qd6 
Qxd6 30.Rxd6 Re6 31.Ne3 Rxd6 32.Bxd6 Ne6 33.Nd5 Bd4 34.Kg2 Kg7 35.Nc7 Nxc7 
36.Bxc7 Kf6 37.Kf1 Kf5 38.Ke2 h5 39.f3 Be5 40.Bxe5 exf3+ 41.Kxf3 Kxe5 42.g4 h4 
43.Ke3 g5 44.b4 cxb4 45.Kd3 a5 46.Ke3 a4 47.Kd3 Kd6 48.Kd4 Kc6 49.c5 b3 50.axb3 
axb3 51.Kc3 Kxc5 52.Kxb3 Kd4 53.Kc2 Ke3 54.Kc3 Kf3 55.Kd4 Kg3 56.Ke4 Kxh3 
57.Kf3 Kh2 58.Kf2 h3 0-1

[Event "2008 WA Championship"]
[Site "Legacy House"]
[Date "2008.08.03"]
[Round "5"]
[White "Dunlop, Gordon"]
[Black "Cuellar, Chris"]
[Result "1-0"]
[WhiteElo "1889"]
[BlackElo "1556"]

1.e4 c6 2.d4 d5 3.exd5 cxd5 4.Nf3 Nf6 5.c4 e6 6.Nc3 h6 7.c5 Nc6 8.Bb5 Bd7 
9.O-O Be7 10.Bxc6 Bxc6 11.b4 Ne4 12.Bb2 Nxc3 13.Bxc3 Bf6 14.a4 a6 15.Qb3 Qd7 
16.b5 axb5 17.axb5 Rxa1 18.Rxa1 Bxb5 19.Ra8+ Bd8 20.Ne5 Bc4 21.Qb6 Qe7 22.Ba5 1-0

[Event "2008 WA Championship"]
[Site "Legacy House"]
[Date "2008.08.03"]
[Round "5"]
[White "Viswanath, Ganesh"]
[Black "Johnstone, Ray"]
[Result "1-0"]
[WhiteElo "1812"]
[BlackElo "1758"]

1.Nf3 Nc6 2.d4 d5 3.c4 e6 4.g3 Nf6 5.Bg2 Be7 6.O-O O-O 7.b3 b6 8.Ne5 Bb7 
9.Nc3 a6 10.Bg5 h6 11.Bxf6 Bxf6 12.f4 Ne7 13.e4 Bxe5 14.fxe5 dxe4 15.Nxe4 
Bxe4 16.Bxe4 Rb8 17.d5 exd5 18.cxd5 Qd7 19.Qd4 Rbd8 20.Rad1 Rfe8 21.Rxf7 
Qb5 22.e6 Nxd5 23.Qxg7# 1-0

[Event "2008 WA Championship"]
[Site "Legacy House"]
[Date "2008.08.03"]
[Round "5"]
[White "Dempster, Dave"]
[Black "Sam, Ryan"]
[Result "1-0"]
[WhiteElo "1919"]
[BlackElo "1595"]

1.e4 e5 2.Nf3 Nc6 3.d4 exd4 4.Nxd4 Bc5 5.Be3 Bb6 6.Nc3 Nge7 7.Be2 O-O 8.O-O d5 
9.exd5 Nxd5 10.Nxd5 Qxd5 11.Bf3 Qd7 12.Nxc6 bxc6 13.Re1 Re8 14.Qc1 Bxe3 15.Rxe3 
Bb7 16.Rd3 Qe6 17.Qd2 h6 18.h3 Qe5 19.Qb4 Ba6 20.Re3 Qf6 21.Rae1 Rxe3 22.Rxe3 
Qd6 23.Qxd6 cxd6 24.Bxc6 Rc8 25.Re8+ Rxe8 26.Bxe8 Kf8 27.Bc6 Ke7 28.Bd5 f5 29.f4 
g5 30.g3 Kd7 31.Kf2 Bc8 32.fxg5 hxg5 33.h4 gxh4 34.gxh4 Ke7 35.Ke3 Kf6 36.Kf4 Bd7 
37.c4 Be8 38.b4 Ba4 39.Bb7 Kg6 40.Bf3 Bc2 41.c5 dxc5 42.bxc5 Ba4 43.Ke5 Bb5 44.h5+ 
Kg5 45.Kd6 f4 46.c6 Bxc6 47.Kxc6 Kf5 48.a4 Ke6 49.a5 Ke5 50.a6 Ke6 51.Kb7 Kd7 
52.h6 Ke7 53.h7 Kf7 54.h8=Q Ke7 55.Qe5+ Kd7 56.Bh5 Kd8 57.Qd6# 1-0

[Event "2008 WA Championship"]
[Site "Legacy House"]
[Date "2008.08.03"]
[Round "5"]
[White "Booth, Guy"]
[Black "Orssengo, Girma"]
[Result "1-0"]
[WhiteElo "1554"]
[BlackElo "1600"]

1.e4 c5 2.Nf3 d6 3.Nc3 g6 4.d4 cxd4 5.Nxd4 Bg7 6.Be3 Nc6 7.Be2 Nf6 8.O-O O-O 
9.f3 a6 10.Nxc6 bxc6 11.Rb1 a5 12.Qd2 Re8 13.Rfd1 Qc7 14.Kh1 Bb7 15.a3 d5 
16.exd5 Nxd5 17.Nxd5 cxd5 18.Bb5 Rec8 19.c3 e6 20.Qf2 Qe7 21.Re1 Ba6 22.Bxa6 
Rxa6 23.Rbd1 Qc7 24.Qe2 Raa8 25.Bd4 Bxd4 26.Rxd4 Rcb8 27.Qd2 Qb7 28.Re2 Qb5 
29.g3 Rc8 30.Qe3 Rab8 31.Kg2 Rb6 32.Red2 Rbc6 33.h4 h5 34.Rf4 f5 35.Rfd4 Qb7 
36.Qe2 Qa6 37.Qe5 Kf7 38.Qe3 Rc4 39.Qe2 Qc6 40.Rxc4 Qxc4 41.Qxc4 Rxc4 42.f4 
Ke7 43.Rd4 Kd6 44.Kf3 Rxd4 45.cxd4 a4 46.Ke3 Kc6 47.Kd3 Kb6 48.Kc3 Kb5 49.b3 
axb3 50.Kxb3 Ka5 51.a4 Ka6 52.Kb4 Kb6 53.a5+ Kc6 54.Ka4 Kc7 55.Kb5 1-0

[Event "2008 WA Championship"]
[Site "Legacy House"]
[Date "2008.08.03"]
[Round "5"]
[White "Ellis, David"]
[Black "Saroha, Chirag"]
[Result "1-0"]
[WhiteElo "1939"]
[BlackElo "1164"]

1.e4 e5 2.Nf3 Nc6 3.Nc3 Bc5 4.Nxe5 Nxe5 5.d4 Bxd4 6.Qxd4 Qf6 7.Be3 c6 8.Be2 Ne7 
9.O-O-O b6 10.f4 N5g6 11.e5 c5 12.exf6 cxd4 13.fxg7 Rg8 14.Bf3 dxe3 15.Bxa8 Nxf4 
16.Rhe1 Rxg7 17.Rxe3 Kf8 18.g3 Ne6 19.Ne4 Nf5 20.Rc3 Ne7 21.Nf6 Nc5 22.b4 Rg6 
23.Nxh7+ Kg7 24.bxc5 bxc5 25.Rxc5 Kxh7 26.Be4 f5 27.Rxc8 fxe4 28.Rxd7 Rg7 29.Rcc7 
Nf5 30.Rxg7+ Nxg7 31.Rxa7 1-0

[Event "2008 WA Championship"]
[Site "Legacy House"]
[Date "2008.08.03"]
[Round "5"]
[White "Williams, William"]
[Black "Holland, Dennis"]
[Result "0-1"]
[WhiteElo "1020"]
[BlackElo "1792"]

1.d4 d5 2.c4 e6 3.Nc3 Nf6 4.e3 c6 5.Nf3 Bd6 6.Bd3 Nbd7 7.Bd2 Qe7 8.O-O dxc4 
9.Bxc4 e5 10.Re1 h6 11.e4 O-O 12.Be3 Ng4 13.h3 Nxe3 14.Rxe3 Nb6 15.Bb3 exd4 
16.Nxd4 Bf4 17.Rf3 Be5 18.Rc1 Bd7 19.Nf5 Bxf5 20.Rxf5 Bxc3 21.Rxc3 Qxe4 22.Rcf3 
Nd5 23.Bxd5 cxd5 24.Qxd5 Qxd5 25.Rxd5 Rfd8 26.Rfd3 Rxd5 27.Rxd5 Rc8 28.Rd7 Rc1+ 
29.Kh2 b5 30.Rxa7 Rc2 31.Ra8+ Kh7 32.Rb8 Rxb2 33.a4 Rxf2 34.axb5 Rb2 35.b6 Rb3 
36.b7 h5 37.Kg1 h4 38.Kf2 g5 39.Ke2 Kg7 40.Kf2 Kf6 41.Ke2 Kf5 42.Kf2 Kf4 43.Rd8 
Rb2+ 44.Kf1 Rxb7 45.Rd4+ Ke3 46.Rd1 Rb2 47.Re1+ Kf4 48.Kg1 f5 49.Rf1+ Ke4 50.Re1+ 
Kf4 51.Rf1+ Ke5 52.Re1+ Kf6 53.Re3 g4 54.hxg4 fxg4 55.Rc3 Re2 56.Rc4 Kf5 57.Rc5+ 
Kf4 58.Rc4+ Re4 59.Rc3 Re3 60.Rc4+ Kg3 0-1

[Event "2008 WA Championship"]
[Site "Legacy House"]
[Date "2008.08.03"]
[Round "5"]
[White "Carolin-Unkovich, George"]
[Black "Pavlovic, Mick"]
[Result "0-1"]
[WhiteElo "929"]
[BlackElo "1518"]

1.d4 Nf6 2.c4 e6 3.Nc3 d5 4.Bf4 c6 5.a3 dxc4 6.e4 b5 7.Nf3 Bb7 8.b4 a5 
9.bxa5 Qxa5 10.Bd2 Qd8 11.e5 Nd5 12.Nxd5 cxd5 13.Bb4 Be7 14.Bxe7 Qxe7 15.Qb1 
Bc6 16.Qb2 O-O 17.Be2 Nd7 18.O-O h6 19.Nd2 Nb6 20.Bd1 Rfb8 21.Qc3 Na4 22.Bxa4 
Rxa4 23.Rfb1 Rba8 24.Rb4 Rxb4 25.axb4 Rxa1+ 26.Qxa1 Qxb4 27.Qc1 Qa4 28.Nb1 b4 
29.h3 c3 30.Nxc3 bxc3 31.Qxc3 Qc4 32.Qxc4 dxc4 33.Kf1 c3 34.Ke1 Bxg2 35.h4 c2 
36.Kd2 Be4 37.f3 Bf5 38.f4 Kf8 39.Kc1 Ke7 40.Kd2 Kd7 41.Kc1 Kc6 0-1